De regering van panembahan Sénapati Ingalaga /

Bibliographic Details
Main Author: Graaf, Hermanus Johannes de, 1899-1984
Corporate Author: JSTOR (Organization)
Format: eBook
Language:German
Language Notes:Text in Dutch.
Published: S Gravenhage : M. Nijhoff, 1954.
Series:Verhandelingen van het Koninklg̈k Instituut voor Taal. Land-en Volkenkund ; XIII
Subjects:
Online Access:Connect to the full text of this electronic book

MARC

Tag First Indicator Second Indicator Subfields
LEADER 00000cam a2200000 i 4500
001 in00004635377
006 m o d
007 cr cnu||||||||
008 151204s1954 ne ob 000 0 ger
005 20230103223442.3
035 |a (OCoLC)ocn931085669 
040 |a LGG  |b eng  |e rda  |e pn  |c LGG  |d YDX  |d OCLCQ  |d OCLCF  |d VT2  |d OCLCQ  |d JSTOR  |d UAB  |d MERER  |d OCLCQ  |d OCL  |d SFB  |d OCLCQ  |d OCLCO  |d FWR  |d OCLCQ 
019 |a 956626167  |a 958449063  |a 1295939680  |a 1295950028  |a 1303439949 
020 |a 9789004286351  |q (electronic bk.) 
020 |a 9004286357  |q (electronic bk.) 
020 |a 9789004285774  |q (electronic bk.) 
020 |a 9004285776  |q (electronic bk.) 
024 7 |a 10.1163/9789004286351  |2 doi 
035 |a (OCoLC)931085669  |z (OCoLC)956626167  |z (OCoLC)958449063  |z (OCoLC)1295939680  |z (OCoLC)1295950028  |z (OCoLC)1303439949 
037 |a 22573/ctvbpfzx7  |b JSTOR 
043 |a a-io--- 
050 4 |a DS646.29.M3  |b G73 1954 
072 7 |a HBJ  |2 bicssc 
072 7 |a HIS000000  |2 bisacsh 
082 0 4 |a 959.82  |2 23 
049 |a TXAM 
100 1 |a Graaf, Hermanus Johannes de,  |d 1899-1984. 
245 1 0 |a De regering van panembahan Sénapati Ingalaga /  |c door H.J. de Graaf. 
264 1 |a S Gravenhage :  |b M. Nijhoff,  |c 1954. 
300 |a 1 online resource 
336 |a text  |b txt  |2 rdacontent 
337 |a computer  |b c  |2 rdamedia 
338 |a online resource  |b cr  |2 rdacarrier 
347 |a text file 
347 |b PDF 
490 1 |a Verhandelingen van het Koninklg̈k Instituut voor Taal. Land-en Volkenkund ;  |v XIII 
504 |a Includes bibliographical references (pages 136-138). 
588 0 |a Print version record. 
546 |a Text in Dutch. 
600 0 0 |a Senapati,  |c Panembahan, Sultan of Mataram,  |d -1601. 
600 0 7 |a Senapati,  |c Panembahan, Sultan of Mataram,  |d -1601  |2 fast  |0 (OCoLC)fst01846767 
651 0 |a Mataram (Indonesia)  |x History. 
651 7 |a Indonesia  |z Mataram.  |2 fast  |0 (OCoLC)fst01266437 
655 7 |a Electronic books.  |2 local 
655 7 |a History.  |2 fast  |0 (OCoLC)fst01411628 
710 2 |a JSTOR (Organization) 
776 0 8 |i Print version:  |a Graaf, Hermanus Johannes de, 1899-1984.  |t De regering van panembahan Sénapati Ingalaga.  |d s Gravenhage : M. Nijhoff, 1954  |w (OCoLC)926065429 
810 2 |a Instituut voor Taal-, Land- en Volkenkunde.  |t Verhandelingen ;  |v 13. 
856 4 0 |u https://www.jstor.org/stable/10.1163/j.ctvbqs6q0  |z Connect to the full text of this electronic book  |t 0 
955 |a JSTOR Open Access ebooks 
994 |a 92  |b TXA 
999 f f |s cd98dd42-199c-4b5f-a941-fcb535324f09  |i becae7ca-c25e-4d41-90d7-92e3026bed84  |t 0 
952 f f |a Texas A&M University  |b College Station  |c Electronic Resources  |d Available Online  |t 0  |e DS646.29.M3 G73 1954  |h Library of Congress classification 
998 f f |a DS646.29.M3 G73 1954  |t 0  |l Available Online